Statystyki dla 15 krajów o największej liczbie zgonów Covid19 - 15 lut 2021

Kliknij tutaj aby rozwiązać quiz!

Ogólne statystyki

  • Ten quiz został rozwiązany 31 razy
  • Średni wynik to 11 z 24

Statystyki odpowiedzi

kraj% Poprawnych
Stany Zjednoczone
87%
Hiszpania
80%
Rosja
80%
Francja
77%
Niemcy
77%
Włochy
73%
Brazylia
60%
Wielka Brytania
60%
Argentyna
50%
Indie
50%
Portugalia
50%
Meksyk
47%
Czechy
40%
Kolumbia
40%
Iran
37%
Peru
37%
Belgia
30%
Węgry
27%
Republika
Południowej Afryki
23%
Słowenia
23%
Chorwacja
17%
Bułgaria
10%
Macedonia Północna
7%
Bośnia i Hercegowina
3%

Rozkład punktacji

Percentyl według liczby udzielonych odpowiedzi

Procent ludzi z każdym wynikiem

Twoja historia wyników

Nie rozwiązałeś tego quizu